| 000 | 01086nam a2200265 a 4500 | ||
|---|---|---|---|
| 001 | BRCA_8474 | ||
| 005 | 20190320210311.0 | ||
| 008 | 170216s2015----mx-a######---#000-0#spa-# | ||
| 020 | _a9786076053638 | ||
| 020 | _a9788494441554 (El Viso) | ||
| 041 | _aspa | ||
| 044 | _amx | ||
| 050 | 4 |
_aN6450 _b.M63 2015 |
|
| 245 | 1 | 0 |
_aLos modernos _ctextos Agustín Arteaga ... [et al.]. |
| 260 |
_aMéxico _bInstituto Nacional de Bellas Artes y Literatura : MUNAL : Musée des Beaux-Arts de Lyon _c2015 |
||
| 300 |
_a367 p. _bil. a color _c26 cm. |
||
| 500 | _aIncluye biografías de artistas, glosario y lista de obra | ||
| 500 | _aIncluye piezas de la colección Franz Mayer: p. 147 | ||
| 500 | _aCatálogo de la exposición realizada en el Museo Nacional de Arte (Ciudad de México), 11 noviembre 2015 - 3 abril 2016 y en el Museo de las Artes de la Universidad de Guadalajara, abril - julio 2016 | ||
| 504 | _aBibliografía : p. 301-303 | ||
| 546 | _aTexto en : español e inglés | ||
| 650 | 1 | 4 |
_aArte moderno _ySiglo XX _91863 |
| 700 | 1 |
_aArteaga, Agustín _95499 |
|
| 942 |
_2lcc _cB |
||
| 999 |
_c8141 _d8141 |
||